01009nam0a22002291 4500001001100000005001700011035002600028100004100054101001300095102000700108105001800115200026000133210003800393215005500431300010300486300005600589510004500645700002700690801001800717801002200735852002200757rc\302228820250810060729.0 a(NLR Aleph) 007164145 a20110928d1941 u y0rusy50 ca1 arusceng aRU aa z |||||1 aЧистовая обработка снарядов бесцентровым шлифованием. № Т-13dFinishing Sholls by Center Less GrindingfMehlhope L.E.gНКОМ СССР, Ленингр. Дом техники машиностроения aЛенинградcБ. и.d1941 a14 с., [14] наклеен. ил.cил.d30 см aПер. из журн.: "Machinestry (N. Y.) 1941, март, т. 47, № 7, с. 145-50, 14 рис. aНапеч. на пиш. маш., стеклогр.00aFinishing Sholls by Center Less Grinding 1aМельхопbЛ.Е. 0aRUbNLRgpsbo 1aRUbELAR2rusmarc aNLRjТ36 Г-8/40